LEADER 01393nam a2200289 i 4500 001 000000071019 003 CaOOAMICUS 005 20091211000000.0 008 091211s1999 it u000 u ita u 013 $a42191 020 $a88-307-0823-2 040 $aSeMil$bita 100 1 $aMorali, Ilaria <1962- >.$0(OLS)http://semarc/name/35330 245 13$aLa salvezza dei non cristiani :$bl'influsso di Henri de Lubac sulla dottrina del Vaticano 2. /$cIlaria Morali. 260 $aBologna :$bEditrice Missionaria Italiana,$c1999. 300 $a364 p. ;$c21 cm. 490 0 $aLa missione. Sez. Storica 600 14$aLubac, Henri : de .$0(OLS)http://semarc/subject/7187 650 4$aSalvezza - Teologia.$0(OLS)http://semarc/subject/319 650 4$aConcilio Vaticano II <1962-1965> - Influssi [di] Henri de Lubac.$0(OLS)http://semarc/subject/14180 830 3$aLa missione. Sez. Storica.$0(OLS)http://semarc/title/9252 850 $aSeMil 852 $aSeMil$W1$xVenegono$y1$m2B VI 269$j37172$B37172$CSeMilBibl$Z2$F37175 $81 961 $aOmaggio: Casa editrice 996 $6020$a88-307-0823-2$9(OLS)http://semarc/number/49957 996 $6245$aLa salvezza dei non cristiani :$bl'influsso di Henri de Lubac sulla dottrina del Vaticano 2.$9(OLS)http://semarc/title/114150 996 $6260$aBologna :$bEditrice Missionaria Italiana$9(OLS)http://semarc/publisher/32722 LEADER 01120nam a2200265 i 4500 001 000000075482 003 CaOOAMICUS 005 20001006000000.0 008 001006s1997 gw u000 u ger u 013 $a46654 020 $a3-928272-50-0 040 $aSeMil$bita 100 1 $aScheffczyk, Leo,$c.$0(OLS)http://semarc/name/110 245 10$aGrundlagen des Dogmas :$bEinleitung in die Dogmatik /$cLeo Scheffczyk. 260 $aAachen :$bMM Verlag,$c1997. 300 $a282 p. ;$c24 cm. 650 4$aTeologia dogmatica.$0(OLS)http://semarc/subject/68 650 4$aTeologia dogmatica - Manuali.$0(OLS)http://semarc/subject/4 773 0 $tKatholische Dogmatik.$dAachen : MM Verlag, 1996-2003.$g1$w()3380 850 $aSeMil 852 $aSeMil$W1$xVenegono$y1$m2RA V 5$j41634$B41634$CSeMilBibl$Z2$F41638 $81 961 $aSottoscrizione: Herder 996 $6020$a3-928272-50-0$9(OLS)http://semarc/number/55995 996 $6245$aGrundlagen des Dogmas :$bEinleitung in die Dogmatik$9(OLS)http://semarc/title/122423 996 $6260$aAachen :$bMM Verlag$9(OLS)http://semarc/publisher/31168